<?xml version="1.0" encoding="UTF-8"?>
<collection xmlns="http://www.loc.gov/MARC21/slim">
 <record>
  <leader>00881cam a2200229 7i4500</leader>
  <controlfield tag="001">0000095535</controlfield>
  <controlfield tag="005">20110905090000.0</controlfield>
  <controlfield tag="008">110905s2010    my      x           eng   </controlfield>
  <datafield tag="020" ind1="#" ind2="0">
   <subfield code="a">9789675371479 </subfield>
  </datafield>
  <datafield tag="090" ind1="0" ind2="0">
   <subfield code="a">KPG 469.5 </subfield>
   <subfield code="b">.F3 2010</subfield>
  </datafield>
  <datafield tag="100" ind1="0" ind2="#">
   <subfield code="a">Farid Sufian Shuaib </subfield>
  </datafield>
  <datafield tag="245" ind1="1" ind2="0">
   <subfield code="a">Administration of Islamic law in Malaysia : </subfield>
   <subfield code="b">text and material  </subfield>
   <subfield code="c">Farid Sufian Shuaib, Tajul Aris Ahmad Bustami, Mohd Hisham Mohd Kamal.</subfield>
  </datafield>
  <datafield tag="250" ind1="#" ind2="#">
   <subfield code="a">2nd ed..</subfield>
  </datafield>
  <datafield tag="260" ind1="#" ind2="#">
   <subfield code="a">Petaling Jaya, Selangor: </subfield>
   <subfield code="b">LexisNexis Malaysia (Malayan Law Journal), </subfield>
   <subfield code="c">2010.</subfield>
  </datafield>
  <datafield tag="300" ind1="#" ind2="#">
   <subfield code="a">lv, 633 p.; </subfield>
   <subfield code="c">26 cm..</subfield>
  </datafield>
  <datafield tag="590" ind1="#" ind2="#">
   <subfield code="a">Seksyen Penghubung Fakulti PSNZ</subfield>
  </datafield>
  <datafield tag="650" ind1="0" ind2="0">
   <subfield code="a">Islamic law -- </subfield>
   <subfield code="z">Malaysia </subfield>
  </datafield>
  <datafield tag="650" ind1="0" ind2="0">
   <subfield code="a">Islamic courts -- </subfield>
   <subfield code="z">Malaysia </subfield>
  </datafield>
  <datafield tag="650" ind1="0" ind2="0">
   <subfield code="a">Islamic law -- </subfield>
   <subfield code="x">Administration of </subfield>
  </datafield>
  <datafield tag="700" ind1="0" ind2="1">
   <subfield code="a">Mohd Hisham Mohd Kamal </subfield>
  </datafield>
  <datafield tag="700" ind1="0" ind2="1">
   <subfield code="a">Tajul Aris Ahmad Bustami </subfield>
  </datafield>
  <datafield tag="999" ind1=" " ind2=" ">
   <subfield code="a">1100082229</subfield>
   <subfield code="b">Book</subfield>
   <subfield code="c">Open Shelf</subfield>
   <subfield code="e">KOLEKSI TERBUKA</subfield>
  </datafield>
 </record>
</collection>
